載入...

Meenaketanan /

書目詳細資料
主要作者: Aaylliyam Thirunal
語言:Undetermined
LEADER 00345nam a2200109Ia 4500
001 61647
008 170722s9999 xx 000 0 und d
100 |a Aaylliyam Thirunal 
245 |a Meenaketanan / 
942 |c GEN 
999 |c 35479  |d 35479 
952 |0 0  |1 0  |4 0  |6 O_32343M30M_G7_KR  |7 0  |9 46139  |a LIB  |b LIB  |d 2017-08-12  |o O32,343M30,M G7 (KR)  |p 26538  |r 2017-08-12  |w 2017-08-12  |y GEN